[Event "It"]
[Site "masterchessopen.com Beverwijk (Netherlands)"]
[Round "3"]
[White "Kovacs Zoltan (HUN)"]
[Black "Kramer Haije J (NED)"]
[Result "1/2-1/2"]
[WhiteElo "2146"]
[BlackElo "2330"]

1.d4 Nf6 2.c4 e6 3.Nc3 Bb4 4.e3 O-O 5.Bd3 d5 6.a3 dxc4 7.Bxc4 Bd6 8.Nf3 Nc6
9.e4 e5 10.d5 Ne7 11.h3 Ng6 12.Be3 Qe7 13.g3 a6 14.Nd2 Bd7 15.Bf1 Ne8 16.Bg2
f5 17.exf5 Nf4 18.Kf1 Nxg2 19.Kxg2 Bxf5 20.Nde4 Nf6 21.f3 Nxe4 22.fxe4 Bd7
23.Qe2 {#d} 1/2-1/2

[Event "Ch URS"]
[Site "masterchessopen.com Leningrad (Russia)"]
[Round "0"]
[White "Polugaevsky Lev A (RUS)"]
[Black "Bannik Anatoly (GER)"]
[Result "1-0"]
[WhiteElo "2585"]
[BlackElo "2175"]

1.d4 Nf6 2.c4 e6 3.Nc3 Bb4 4.e3 O-O 5.Bd3 d5 6.a3 dxc4 7.Bxc4 Bxc3+ 8.bxc3 c5
9.Ne2 Qc7 10.Bd3 b6 11.O-O Ba6 12.Bxa6 Nxa6 13.f4 Rac8 14.Ng3 Rfd8 15.Qf3 cxd4
16.cxd4 Qc3 17.Rb1 ( 17.Ra2 { ?! } 17...Qc6 { ! } 18.e4 Qc4 ) 17...Nb8 ( { ? }
17...Qc6 { Aronin } ) 18.f5 Nbd7 19.Bb2 Qa5 20.fxe6 fxe6 21.e4 Rf8 22.Qb3 { ±
} 22...Rce8 23.Bc3 { ! } 23...Qg5 ( 23...Qa6 24.Bb4 Rf7 25.e5 Nd5 26.Rxf7 Kxf7
27.Qf3+ Kg8 28.Rf1 Qc8 29.Qf7+ Kh8 30.Nh5 Rg8 31.Qxe6 { +?? } ) 24.Bb4 Rf7
25.e5 a5 26.Be1 Ng4 27.Rxf7 Kxf7 28.Ne4 { +?? } 28...Qf4 29.Qf3 { ! }
29...Qxf3 30.gxf3 Ne3 31.Nd6+ Kf8 32.Nxe8 Kxe8 33.Rc1 Nd5 34.Rc6 Nf8 35.Rd6
Kf7 36.Bh4 b5 37.Ra6 b4 38.Rxa5 bxa3 39.Rxa3 h6 40.Ra7+ Kg6 41.Kf2 Kh5 42.Rf7
Kxh4 43.Rxf8 g5 44.Rf6 {#r} 1-0

[Event "Olympiad"]
[Site "masterchessopen.com Leipzig (Germany)"]
[Round "11"]
[White "Ojanen Kaarle S (FIN)"]
[Black "Sliwa Bogdan (POL)"]
[Result "1/2-1/2"]
[WhiteElo "2335"]
[BlackElo "2235"]

1.d4 Nf6 2.c4 e6 3.Nc3 Bb4 4.e3 O-O 5.Bd3 d5 6.a3 dxc4 7.Bxc4 Bd6 8.f4 c5
9.Nf3 cxd4 10.exd4 a6 11.Ne5 b5 12.Bd3 Bb7 13.O-O Nc6 14.Be3 b4 15.Nxc6 Bxc6
16.axb4 Bxb4 17.Bxa6 Nd5 18.Nxd5 Qxd5 19.Rf2 Qe4 20.Rf3 Rfd8 21.Bf1 Rxa1
22.Qxa1 Rxd4 23.Qc1 Rd8 {#d} 1/2-1/2

[Event "Ch Yugoslavia"]
[Site "masterchessopen.com Ljubljana (Slovenia)"]
[Round "0"]
[White "Vukovic Milosav (SCG)"]
[Black "Sofrevski Jovan (MKD)"]
[Result "0-1"]
[WhiteElo "2290"]
[BlackElo "2375"]

1.d4 Nf6 2.c4 e6 3.Nc3 Bb4 4.e3 O-O 5.Bd3 d5 6.a3 dxc4 7.Bxc4 Bd6 8.e4 e5 9.d5
Nbd7 10.Bg5 h6 11.Bh4 Re8 12.Nge2 a6 13.b4 g5 14.Bg3 Nh5 15.f3 Nf4 16.O-O Qe7
17.Rb1 Nb6 18.Ba2 a5 19.Nb5 axb4 20.Nxd6 Qxd6 21.Nxf4 gxf4 22.Be1 bxa3 23.Bb4
c5 24.Bd2 Na4 25.g3 Nb2 26.Qc2 fxg3 27.hxg3 c4 28.Kg2 Qc5 29.Rh1 Ra6 30.Bxh6
b5 31.Rh5 Rg6 32.Rbh1 f6 33.Bc1 Nd3 34.Rh8+ Kf7 35.R8h7+ Rg7 36.Rxg7+ Kxg7
37.Qd2 Rg8 38.Qh6+ Kf7 39.Qh5+ Rg6 40.Qh7+ Rg7 41.Qh5+ Ke7 42.Rf1 Rf7 43.Qh8
Nxc1 44.Rxc1 Qd4 45.Rc2 Bd7 46.Qa8 Qd3 47.Rf2 Rh7 48.Qg8 Bh3+ 49.Kh2 Bf5+
50.Kg2 Qd1 {#R} 0-1

[Event "Ch World (juniors)"]
[Site "masterchessopen.com Hague (Netherlands)"]
[Round "11"]
[White "Westerinen Heikki M J (FIN)"]
[Black "Parma Bruno (SLO)"]
[Result "1/2-1/2"]
[WhiteElo "2340"]
[BlackElo "2480"]

1.d4 Nf6 2.c4 e6 3.Nc3 Bb4 4.e3 O-O 5.Bd3 d5 6.a3 dxc4 7.Bxc4 Bd6 8.Nf3 Nc6
9.b4 e5 10.d5 Ne7 11.O-O a6 12.Ng5 Bf5 13.Bd3 e4 14.Ngxe4 Nxe4 15.Bxe4 Bxe4
16.Nxe4 Nxd5 17.Nxd6 Qxd6 18.Bb2 Rad8 19.Rc1 Qe6 20.Qd4 f6 21.Rfd1 Rd7 22.Qc4
Rfd8 23.Rd4 Qf7 24.Rcd1 c6 25.Qc5 Ne7 {#d} 1/2-1/2

[Event "Ch World (match)"]
[Site "masterchessopen.com Moscow (Russia)"]
[Round "5"]
[White "Botvinnik Mikhail M (RUS)"]
[Black "Tal Mikhail N (LAT)"]
[Result "1/2-1/2"]
[WhiteElo "2630"]
[BlackElo "2520"]

1.c4 Nf6 2.Nc3 e6 3.d4 Bb4 4.e3 O-O 5.Bd3 d5 6.a3 dxc4 7.Bxc4 Bd6 8.Nf3 Nc6
9.b4 e5 10.Bb2 Bg4 11.dxe5 Nxe5 12.Be2 Qe7 13.Nb5 Rfd8 14.Qc2 a6 15.Nxd6 cxd6
16.Qd1 Rac8 17.O-O Ne4 18.Nd4 Bxe2 19.Qxe2 Nc4 20.Rac1 d5 21.Qg4 Qd7 22.Qxd7
Rxd7 23.Rc2 Ned6 24.Rd1 Rdd8 25.Nb3 Nxb2 26.Rxb2 Nc4 27.Ra2 b6 28.Kf1 f6 29.a4
Ne5 30.b5 Rc3 31.Nd4 Ra8 32.Rda1 a5 33.Rd1 Rac8 34.Nf5 R8c7 35.Rxd5 Kf7 36.Rd1
Ke6 37.Nd4+ Kf7 38.Ke2 R7c4 39.h3 Rb4 40.Nc2 Rbc4 41.Rd2 Ke7 42.Nd4 g6 43.Rd1
Nd7 44.Nc6+ Ke8 45.Rd6 Rc2+ 46.Rxc2 Rxc2+ 47.Kf3 Ra2 48.Re6+ Kf8 49.Rd6 Ke8
50.Re6+ Kf8 51.Kg3 Rxa4 52.Re7 Nc5 53.Rxh7 Ne4+ 54.Kh2 Nd6 55.Rh8+ Kf7 56.Rb8
Nc4 57.Rc8 Nd2 58.g4 Ra2 59.Rb8 Ne4 60.Rxb6 Rxf2+ 61.Kg1 Rb2 62.Nxa5 Nd2
63.Nc6 Nc4 64.Rb7+ Ke6 65.h4 Kd5 66.Rd7+ Kc5 67.Rd3 Kxb5 68.Nd4+ Kc5 69.Nf3
Re2 70.h5 gxh5 71.gxh5 Ne5 72.h6 Rg2+ 73.Kh1 Rg6 {#d} 1/2-1/2

[Event "Ch Romania"]
[Site "masterchessopen.com Romania"]
[Round "15"]
[White "Vaisman Volodia (FRA)"]
[Black "Georgescu Vasile-Maxim (ROM)"]
[Result "0-1"]
[WhiteElo "2358"]
[BlackElo "2082"]

1.d4 Nf6 2.c4 e6 3.Nc3 Bb4 4.e3 O-O 5.Bd3 d5 6.a3 dxc4 7.Bxc4 Bxc3+ 8.bxc3 e5
9.Ne2 Nc6 10.O-O Re8 11.Ng3 Na5 12.Bd3 e4 13.Bc2 Qd5 14.f3 exf3 15.e4 Qc4
16.Qxf3 Bg4 17.Qf2 c5 18.h3 Qxc3 19.e5 Qxa1 20.Bb2 Qxb2 21.Bxh7+ Nxh7 22.Qxb2
Be6 23.dxc5 b6 24.Nh5 Nf8 25.Qd2 Red8 26.Qg5 Ng6 27.Rf6 Kh7 28.Rxg6 fxg6
29.Nf6+ gxf6 30.Qh4+ Kg8 31.Qh6 Rd7 32.g4 Rf8 33.Qxg6+ Rg7 34.Qd3 fxe5 35.Qd6
Rg6 36.Qxe5 bxc5 37.Qxc5 Nb7 38.Qxa7 Nd8 39.Kg2 Rg7 40.Qe3 Bf7 41.Kg3 Ne6 {#R}
0-1

[Event "It"]
[Site "masterchessopen.com Sarajevo (Bosnia & Herzegovina)"]
[Round "4"]
[White "Damjanovic Mato (CRO)"]
[Black "Sofrevski Jovan (MKD)"]
[Result "1/2-1/2"]
[WhiteElo "2303"]
[BlackElo "2375"]

1.d4 Nf6 2.c4 e6 3.Nc3 Bb4 4.e3 O-O 5.Bd3 d5 6.a3 dxc4 7.Bxc4 Bd6 8.Nf3 Nbd7
9.Nb5 Be7 10.Nc3 a6 11.e4 b5 12.Bd3 Bb7 13.e5 Nd5 14.Qc2 h6 15.Ne4 Rc8 16.b4
f5 17.Nc5 Bxc5 18.dxc5 Ne7 19.Bb2 Bd5 20.O-O-O c6 21.Rhe1 a5 22.Nd4 Qc7 23.Qc3
axb4 24.axb4 Ng6 25.g4 Ngxe5 26.gxf5 Nxd3+ 27.Rxd3 Qf4+ 28.Rde3 e5 29.Ne6 Qxf5
30.Rxe5 Nxe5 31.Rxe5 Qf6 32.Nxf8 Rxf8 33.Re2 Qxc3+ 34.Bxc3 Rf7 35.Kd2 Kh7
36.Ke1 g5 37.Re8 Kg6 38.Re3 Ra7 39.Rg3 Kf5 40.Re3 Kg6 41.Rg3 Re7+ 42.Re3 Rf7
43.Be5 h5 44.Bd6 Ra7 45.Be5 Re7 46.Bc3 Rxe3+ 47.fxe3 Kf5 48.Kf2 Ke4 49.Bf6 Kd3
50.Bd8 {#d} 1/2-1/2

[Event "It"]
[Site "masterchessopen.com Sarajevo (Bosnia & Herzegovina)"]
[Round "1"]
[White "Gligoric Svetozar (SRB)"]
[Black "Pachman Ludek (GER)"]
[Result "1-0"]
[WhiteElo "2447"]
[BlackElo "2278"]

1.d4 Nf6 2.c4 e6 3.Nc3 Bb4 4.e3 O-O 5.Bd3 d5 6.a3 dxc4 7.Bxc4 Bd6 8.Nf3 Nbd7
9.e4 e5 10.Bg5 c6 11.O-O Qe7 12.Re1 Nb6 13.Ba2 Bg4 14.h3 Bxf3 15.Qxf3 Nbd7
16.d5 h6 17.Be3 cxd5 18.Bxd5 Bc5 19.Bxb7 Rab8 20.Bc6 Rxb2 21.Bxd7 Bxe3 22.Qxe3
Qxd7 23.Rad1 Qb7 24.Nd5 Nxd5 25.exd5 Rd8 26.Qxe5 Rb5 27.Qf5 Qd7 28.Qxd7 Rxd7
29.Re8+ Kh7 30.d6 Kg6 31.Rd3 f6 32.Re7 Rxe7 33.dxe7 Re5 34.Rd7 a5 35.Ra7 h5
36.Kf1 Kf7 37.e8=Q+ Kxe8 38.Rxg7 Rb5 39.g3 Rb3 40.Rh7 Rxa3 41.Rxh5 Kf7 42.Kg2
Kg6 43.g4 Ra1 44.h4 a4 45.Ra5 a3 46.Kf3 Ra2 47.Kg3 Ra1 48.f3 f5 49.Ra6+ Kg7
50.g5 {#r} 1-0

[Event "Ch URS"]
[Site "masterchessopen.com Leningrad (Russia)"]
[Round "0"]
[White "Furman Semen (RUS)"]
[Black "Gipslis Aivars (LAT)"]
[Result "1/2-1/2"]
[WhiteElo "2550"]
[BlackElo "2429"]

1.d4 Nf6 2.c4 e6 3.Nc3 Bb4 4.e3 O-O 5.Bd3 d5 6.a3 dxc4 7.Bxc4 Bd6 8.Qc2 Nc6
9.f4 Nb8 10.e4 Nfd7 11.e5 Be7 12.Ba2 Nb6 13.Nf3 f5 14.O-O c6 15.Bd2 Na6 16.h3
Nc7 17.Kh2 Bd7 18.Ne2 Nbd5 19.Nc1 a5 20.Nd3 b6 21.Rac1 g6 22.Rg1 Ne8 23.Qd1
Ng7 24.Qe2 Qe8 25.Be1 Nh5 26.Qd2 Bc8 27.Bxd5 cxd5 28.Bh4 Bxh4 29.Nxh4 Ba6
30.Nf2 Rc8 31.Rxc8 Qxc8 32.Rc1 Qd7 33.Nd1 Rc8 34.Rxc8+ Qxc8 35.g4 Ng7 36.Nc3
Qc6 37.Qg2 Bd3 38.gxf5 gxf5 {#d} 1/2-1/2

[Event "It \"]
[Site "masterchessopen.com Moscow (Russia)"]
[Round "13"]
[White "Liberzon Vladimir M (ISR)"]
[Black "Tal Mikhail N (LAT)"]
[Result "1-0"]
[WhiteElo "2410"]
[BlackElo "2520"]

1.d4 Nf6 2.c4 e6 3.Nc3 Bb4 4.e3 O-O 5.Bd3 d5 6.a3 dxc4 7.Bxc4 Bd6 8.Nf3 Nc6
9.Nb5 e5 10.Nxd6 Qxd6 11.dxe5 Qxd1+ 12.Kxd1 Ng4 13.Ke1 Ngxe5 14.Nxe5 Nxe5
15.Be2 Bf5 16.Bd2 Nd3+ 17.Bxd3 Bxd3 18.Rc1 Rac8 19.f3 c5 20.Kf2 f5 21.Rhg1 Rc6
22.Bc3 h5 23.h3 Rg6 24.a4 c4 25.Rgd1 Rd8 26.Rd2 Rd5 27.Rcd1 Rb6 28.a5 Rb3
29.Rg1 b5 30.axb6 axb6 31.g4 fxg4 32.hxg4 Rg5 33.gxh5 Rbb5 34.Rdd1 Kf7 35.e4
Kg8 36.Ke3 Kf8 37.Ra1 Rxg1 38.Rxg1 Rxh5 39.Rxg7 Bc2 40.Rb7 b5 41.e5 Bf5
42.Rxb5 Rh6 43.Rb8+ Ke7 44.Rb7+ Kd8 45.Ba5+ Ke8 46.Kf4 Bd3 47.Bb4 Kd8 48.Rg7
Ke8 49.Bd6 Be2 50.Kg5 Rh1 51.f4 Rh5+ 52.Kg6 Rh1 53.e6 Bd3+ 54.Kf6 {#r} 1-0

[Event "It"]
[Site "masterchessopen.com Santiago (Chile)"]
[Round "3"]
[White "Cuellar Gacharna Miguel (COL)"]
[Black "Bielicki Carlos (ARG)"]
[Result "0-1"]
[WhiteElo "2280"]
[BlackElo "2315"]

1.d4 Nf6 2.c4 e6 3.Nc3 Bb4 4.e3 O-O 5.Bd3 d5 6.a3 dxc4 7.Bxc4 Bxc3+ 8.bxc3 c5
9.Ne2 Qc7 10.Ba2 b6 11.O-O Rd8 12.Bb2 Bb7 13.f3 Nc6 14.Rc1 Rac8 15.Qe1 Qe7
16.Qf2 Na5 17.Rfd1 Ba6 18.Nf4 Bc4 19.Bb1 Bb3 20.Re1 Nc4 21.Bd3 cxd4 22.cxd4
Nxa3 23.Qh4 h6 24.d5 Nc2 25.Nh5 Nxd5 26.Qg4 f5 27.Qg3 Nxe1 28.Rxe1 Nc3 29.Ba6
Rc7 30.Rc1 Nd5 31.Rxc7 Nxc7 32.Be2 Kh7 33.Qe5 Ne8 34.Qc3 Bd5 35.Bb5 Nf6 36.Ba3
Qf7 37.Nf4 Bb7 38.Bc4 Bd5 39.Bd3 Bb7 40.Qb3 Bd5 41.Nxd5 Nxd5 42.e4 Nf4 43.Bf1
fxe4 44.fxe4 Qd7 45.Qf3 Qd4+ 46.Kh1 Ng6 47.h3 Ne5 48.Qf4 Rd7 49.Be2 {#R} 0-1

[Event "?"]
[Site "masterchessopen.com Hastings (England)"]
[Round "0"]
[White "Botvinnik Mikhail M (RUS)"]
[Black "Balashov Yuri S (RUS)"]
[Result "1-0"]
[WhiteElo "2630"]
[BlackElo "2439"]

1.c4 Nf6 2.Nc3 e6 3.d4 Bb4 4.e3 O-O 5.Bd3 d5 6.a3 dxc4 7.Bxc4 Bd6 8.f4 c5 { !
} 9.dxc5 Bxc5 10.b4 Bb6 11.Qxd8 Rxd8 12.Nf3 Bd7 { ! } 13.Bd2 Rc8 14.Ne5 Ng4 (
14...Be8 { ! } 15.Ke2 Nc6 16.Nxc6 Bxc6 17.Rhg1 Bxg2 18.Bxe6 { ! } ) 15.Nxg4
Rxc4 16.Ne5 Rc7 17.Nxd7 Nxd7 18.Ke2 Nf6 19.Rac1 Rd8 20.Rhd1 Rcd7 21.Be1 Nd5
22.Nxd5 Rxd5 23.Rxd5 Rxd5 24.a4 f6 25.a5 Bd8 26.Rc8 Kf7 ( 26...a6 27.b5 axb5
28.a6 bxa6 29.Ba5 { +?? } ) 27.e4 Rd7 28.b5 Be7 29.Bd2 Bd6 30.Ra8 b6 (
30...Bc5 31.Be3 Bxe3 32.Kxe3 b6 33.axb6 axb6 34.Rb8 { ? } ) 31.a6 Bc5 32.Bc3
Ke7 33.h3 Kd6 34.Rc8 Rc7 35.e5+ Kd7 36.Rg8 f5 37.Rxg7+ Kd8 38.Rg8+ Kd7 39.Rh8
Be7 40.Bd4 Rc2+ 41.Kd3 Ra2 42.Ra8 {#r} 1-0

[Event "It \"]
[Site "masterchessopen.com Moscow (Russia)"]
[Round "0"]
[White "Grigorian Karen (RUS)"]
[Black "Kirpichnikov Vladimir (LAT)"]
[Result "1/2-1/2"]
[WhiteElo "2430"]
[BlackElo "2380"]

1.d4 Nf6 2.c4 e6 3.Nc3 Bb4 4.e3 O-O 5.Bd3 d5 6.a3 dxc4 7.Bxc4 Bd6 8.Nf3 Nc6
9.O-O e5 10.dxe5 Nxe5 11.Be2 Qe7 {#d} 1/2-1/2

[Event "It \"]
[Site "masterchessopen.com Moscow (Russia)"]
[Round "0"]
[White "Maslov Leonid P (UZB)"]
[Black "Kudriashov Anatoli (TKM)"]
[Result "1-0"]
[WhiteElo "2300"]
[BlackElo "2318"]

1.d4 Nf6 2.c4 e6 3.Nc3 Bb4 4.e3 O-O 5.Bd3 d5 6.a3 dxc4 7.Bxc4 Bxc3+ 8.bxc3 e5
9.Ne2 c5 10.O-O Qc7 11.d5 Ne8 12.e4 Nd6 13.Bd3 c4 14.Bc2 Na6 15.f4 f6 16.fxe5
fxe5 17.Rxf8+ Kxf8 18.Ng3 Kg8 19.Be3 Qa5 20.Qe1 Bd7 21.Nh5 Be8 22.Nxg7 Bg6
23.Ne6 Nc7 24.Nxc7 Qxc7 25.Qg3 Qg7 26.Qh4 b5 27.Bh6 Qh8 28.Qe7 {#r} 1-0

[Event "It"]
[Site "masterchessopen.com Skopje (Macedonia)"]
[Round "0"]
[White "Geller Efim P (RUS)"]
[Black "Sofrevski Jovan (MKD)"]
[Result "1/2-1/2"]
[WhiteElo "2455"]
[BlackElo "2375"]

1.d4 Nf6 2.c4 e6 3.Nc3 Bb4 4.e3 O-O 5.Bd3 d5 6.a3 dxc4 7.Bxc4 Bd6 8.Qc2 Nbd7
9.Nf3 c6 10.O-O e5 11.Ba2 Qe7 12.h3 Bc7 13.Re1 h6 14.e4 exd4 15.Nxd4 Qe5
16.Nf3 Qh5 17.Ne2 Qc5 18.Qb1 Re8 19.b4 Qe7 20.Nf4 Ne5 21.Nd4 Rd8 22.Bb2 Rxd4
23.Bxd4 Nf3+ 24.gxf3 Bxf4 25.Kf1 {#d} 1/2-1/2

[Event "Ch Czechoslovakia"]
[Site "masterchessopen.com Havirov (Czech Republic)"]
[Round "0"]
[White "Plachetka Jan (SVK)"]
[Black "Blatny Frantisek (CZE)"]
[Result "1/2-1/2"]
[WhiteElo "2388"]
[BlackElo "2112"]

1.d4 Nf6 2.c4 e6 3.Nc3 Bb4 4.e3 O-O 5.Bd3 d5 6.a3 dxc4 7.Bxc4 Be7 8.Nf3 c5
9.O-O Nbd7 10.Qe2 a6 11.a4 Nb6 12.Bb3 Bd7 13.Rd1 cxd4 14.Nxd4 Qc7 15.e4 e5
16.Nf5 Be6 17.Nxe7+ Qxe7 18.Nd5 Bxd5 19.exd5 Qb4 20.Ra3 Rac8 21.Bg5 Ne4 22.Qg4
f5 23.Qh4 Rf7 24.d6 Nc4 25.Be7 Re8 26.d7 Rfxe7 27.d8=Q Rxd8 28.Rxd8+ Kf7
29.Qh5+ Ke6 30.Qd1 Rc7 31.Bxc4+ Rxc4 32.Rb3 Qc5 33.Rb6+ Qxb6 34.Qd7+ Kf6
35.Rf8+ Kg6 36.Qxf5+ Kh6 37.Qh3+ Kg6 38.Qf5+ Kh6 39.Qh3+ {#d} 1/2-1/2

[Event "?"]
[Site "masterchessopen.com URS"]
[Round "0"]
[White "Balashov Yuri S (RUS)"]
[Black "Averbakh Yuri L (RUS)"]
[Result "1-0"]
[WhiteElo "2439"]
[BlackElo "2445"]

1.d4 Nf6 2.c4 e6 3.Nc3 Bb4 4.e3 O-O 5.Bd3 d5 6.a3 dxc4 7.Bxh7+ Nxh7 8.axb4 Nc6
9.b5 Nb4 10.Nf3 Nd3+ 11.Kf1 Nxc1 12.Rxc1 Bd7 13.Ne5 Qe8 14.Qa4 a6 15.Nxd7 Qxd7
16.Qxc4 Nf6 17.Ke2 Nd5 18.bxa6 Rxa6 19.Rhd1 Rb6 20.Rd2 Qd6 21.g3 Rb4 22.Qd3
Qb6 23.Rcc2 Ra8 24.Kf1 Ra1+ 25.Kg2 Nxc3 26.Rxc3 g6 27.d5 exd5 28.Qxd5 Ra8
29.Qe5 c6 30.Rcd3 Rf8 31.Qe7 Kg7 32.Rd8 Rxd8 33.Rxd8 {#r} 1-0

[Event "Ch Moscow"]
[Site "masterchessopen.com Moscow (Russia)"]
[Round "0"]
[White "Beradze Dzhemal (GEO)"]
[Black "Kholmov Ratmir D (RUS)"]
[Result "1/2-1/2"]
[WhiteElo "2200"]
[BlackElo "2550"]

1.d4 Nf6 2.c4 e6 3.Nc3 Bb4 4.e3 O-O 5.Bd3 d5 6.a3 dxc4 7.axb4 cxd3 8.Nf3 b6
9.O-O Bb7 10.Ne5 Nbd7 11.Nxd3 Qe7 12.b3 e5 13.Ba3 Rfd8 14.b5 Qe6 15.Rc1 Rac8
16.Re1 exd4 17.exd4 Qf5 18.Ne5 Nxe5 19.Rxe5 Qd7 20.d5 Nxd5 21.Nxd5 Bxd5 22.Be7
Re8 23.Rxd5 Qxe7 24.g3 g6 25.Rd7 Qb4 26.Qd5 Re7 27.Rc4 Rxd7 28.Qxd7 Qe1+
29.Kg2 Qe8 30.Qxe8+ Rxe8 31.Rxc7 Re5 32.Rxa7 Rxb5 33.Ra3 g5 34.Kf3 Kg7 35.h3
h5 36.Ke3 Re5+ 37.Kd3 Rf5 38.Ke3 Kf6 39.Ra2 Rb5 40.Rb2 h4 41.Rb1 {#d} 1/2-1/2

[Event "It"]
[Site "masterchessopen.com Virovitica (Croatia)"]
[Round "9"]
[White "Maroja Hrvoje (CRO)"]
[Black "Lengyel Levente (HUN)"]
[Result "0-1"]
[WhiteElo "2101"]
[BlackElo "2415"]

1.d4 Nf6 2.c4 e6 3.Nc3 Bb4 4.e3 O-O 5.Bd3 d5 6.a3 dxc4 7.Bxc4 Bd6 8.f4 c5
9.Nf3 a6 10.O-O b5 11.Ba2 Bb7 12.Qc2 Qb6 13.f5 exf5 14.Qxf5 Nc6 15.Ne5 Qc7
16.Ng4 Nxg4 17.Qxg4 Kh8 18.Ne4 f5 19.Rxf5 Rxf5 20.Qxf5 Rf8 21.Nxd6 Rxf5
22.Nxf5 Qd7 23.Ng3 cxd4 24.Bd2 Ne5 25.Rf1 Ng6 26.Rf7 Qc6 27.e4 Qc8 28.Bb4 h6
29.h4 a5 30.Bxa5 Qc1+ 31.Kh2 Qxb2 32.Be6 Nxh4 33.Kh3 g5 34.Bc7 Ng6 35.Bf5 Nf4+
36.Kg4 Qb3 37.Be5+ Kg8 38.Rxb7 Qd1+ {#R} 0-1

[Event "Ch Denmark"]
[Site "masterchessopen.com Copenhagen (Denmark)"]
[Round "8"]
[White "Iskov Gert (DEN)"]
[Black "Mortensen Erling (DEN)"]
[Result "1/2-1/2"]
[WhiteElo "2320"]
[BlackElo "2448"]

1.d4 Nf6 2.c4 e6 3.Nc3 Bb4 4.e3 O-O 5.Bd3 d5 6.a3 dxc4 7.Bxh7+ Kxh7 8.axb4 Nc6
9.Nf3 Nxb4 10.Ne5 c5 11.dxc5 Qxd1+ 12.Kxd1 Nd7 13.Nxc4 Nxc5 14.Nb6 Rb8 15.Rxa7
Bd7 16.Ra5 Nbd3 17.b4 Nb3 18.Nxd7 Nxa5 19.Nxf8+ Rxf8 20.Ke2 Nxb4 21.Ba3 Nac6
22.Rb1 Rc8 23.Ne4 Nd5 24.Rxb7 Kg6 25.Bd6 Na5 26.Ra7 Nc4 27.Bg3 Rc6 28.Rd7 Ra6
29.h4 f5 30.Nc5 Ra2+ 31.Kd3 Rd2+ 32.Kxc4 Nb6+ 33.Kc3 Nxd7 34.Kxd2 Nxc5 35.f3
Nd7 36.Bd6 Kh5 37.Be7 Ne5 38.Bf8 Ng6 39.Bxg7 Nxh4 40.Be5 Nxg2 {#d} 1/2-1/2

[Event "Ch BRD (juniors)"]
[Site "masterchessopen.com Germany"]
[Round "0"]
[White "Sieglen Joachim (GER)"]
[Black "Feistenauer Fred (AUT)"]
[Result "1-0"]
[WhiteElo "2302"]
[BlackElo "2254"]

1.d4 Nf6 2.c4 e6 3.Nc3 Bb4 4.e3 O-O 5.Bd3 d5 6.a3 dxc4 7.Bxh7+ Nxh7 8.axb4 Nc6
9.Nf3 Nxb4 10.O-O a5 11.Ne5 b6 12.Nxc4 Ba6 13.b3 Nf6 14.e4 Nc6 15.d5 exd5
16.exd5 Nb4 17.Bg5 Bxc4 18.bxc4 Qd6 19.Re1 c6 20.Bxf6 Qxf6 21.Ne4 Qg6 22.Ra3
cxd5 23.Rg3 Qh6 24.cxd5 Rac8 25.Rh3 Qg6 26.Rg3 Qh6 27.d6 Nc2 28.Re2 Nd4 29.Rd2
Rc1 30.Rxd4 Rxd1+ 31.Rxd1 Rd8 32.Rgd3 f5 33.Nc3 Qe6 34.d7 Kf7 35.Nb5 Qe2
36.Nd6+ Kg8 37.Nb7 Rxd7 38.Rxd7 a4 39.Rd8+ Kh7 40.R8d2 Qe4 41.Nd6 Qe6 42.Rd3
f4 43.f3 Qe2 44.Ne4 b5 45.Rd6 g6 46.Rd7+ Kg8 47.Rd8+ Kf7 48.R1d7+ Ke6 49.Re8+
{#r} 1-0

[Event "Ch Netherlands"]
[Site "masterchessopen.com Leeuwarden (Netherlands)"]
[Round "0"]
[White "Boersma Paulus A (NED)"]
[Black "Donner Jan-Hein (NED)"]
[Result "0-1"]
[WhiteElo "2335"]
[BlackElo "2465"]

1.d4 Nf6 2.c4 e6 3.Nc3 Bb4 4.e3 O-O 5.Bd3 d5 6.a3 dxc4 7.Bxh7+ Nxh7 8.axb4 e5
9.Nf3 Bg4 10.h3 Bxf3 11.Qxf3 Nc6 12.O-O exd4 13.exd4 Qf6 14.Qxf6 Nxf6 15.b5
Nxd4 16.Ra4 c6 17.bxc6 Nxc6 18.Rxc4 Rfe8 19.Rd1 Rad8 20.Rxd8 Rxd8 21.Rc5 Rd7
22.Bg5 Ne8 23.Rd5 Rxd5 24.Nxd5 f6 25.Be3 Kf7 26.Kf1 Ke6 27.Nc3 Nd6 28.Ke2 Nc4
29.Bc1 a6 30.Kd3 N4e5+ 31.Ke4 f5+ 32.Ke3 Na5 33.Ke2 Nb3 34.Bf4 Nc4 35.Nd1 b5
36.Kd3 a5 37.Kc3 Nc5 38.f3 Kd5 39.Ne3+ Nxe3 40.Bxe3 b4+ 41.Kc2 a4 42.g4 Ne6
43.Kd3 f4 44.Bd2 Nd4 45.Bxb4 Nxf3 46.Bc3 Ne5+ 47.Bxe5 Kxe5 48.h4 f3 49.g5 Kf5
50.Ke3 Kg4 {#R} 0-1

[Event "Izt (cat.12)"]
[Site "masterchessopen.com Moscow (Russia)"]
[Round "10"]
[White "Christiansen Larry M (USA)"]
[Black "Garcia Gonzales Guillermo (CUB)"]
[Result "1-0"]
[WhiteElo "2505"]
[BlackElo "2500"]

1.d4 Nf6 2.c4 e6 3.Nc3 Bb4 4.e3 O-O 5.Bd3 d5 6.a3 dxc4 7.Bxc4 Bd6 8.Nf3 Nc6
9.b4 e5 10.Bb2 Bg4 ( { ? } 10...exd4 11.Nxd4 Ne5 12.Be2 a6 ) 11.d5 Ne7 12.Qc2
c6 { ? } ( 12...a5 { !? } ) ( 12...Bh5 { !? } ) 13.dxc6 Rc8 14.Ng5 ( 14.Nb5
Rxc6 ( 14...Bxf3 15.gxf3 bxc6 16.Nxd6 Qxd6 17.Rd1 { ± } ) 15.Nxa7 Rc7 16.Nb5 {
± } ) 14...Rxc6 15.Qb3 Bh5 16.O-O Bb8 17.b5 Rc8 18.Rac1 h6 ( { ? } 18...Nd7
19.Na4 { ? } ) 19.Nge4 Nxe4 20.Nxe4 Qb6 21.Ng3 Bg6 22.a4 Rfd8 23.e4 { ! }
23...Kf8 24.Rfd1 Rxd1+ 25.Rxd1 Rd8 26.h4 f6 27.h5 Rxd1+ 28.Qxd1 Bf7 29.Bxf7
Kxf7 30.Ba3 { ! } {#r} 1-0

[Event "Ch URS"]
[Site "masterchessopen.com Lvov (Ukraine)"]
[Round "0"]
[White "Ehlvest Jaan (USA)"]
[Black "Sokolov Andrei (FRA)"]
[Result "1/2-1/2"]
[WhiteElo "2505"]
[BlackElo "2505"]

1.d4 Nf6 2.c4 e6 3.Nc3 Bb4 4.e3 O-O 5.Bd3 d5 6.a3 dxc4 7.Bxc4 Bd6 8.Qc2 e5
9.dxe5 Bxe5 10.Nf3 Nc6 11.Nxe5 Nxe5 12.Be2 Be6 13.O-O Qe7 14.e4 Bc4 15.Bg5
Bxe2 16.Qxe2 c6 17.f4 Ng6 18.Rae1 Qc5+ 19.Kh1 Nd7 20.Rd1 Nb6 21.f5 Ne5 22.f6
g6 23.Be3 Qc4 24.Qd2 Nbd7 25.Bh6 Rfe8 26.Rc1 Qe6 27.Bg7 Qg4 28.h3 Qh5 29.Ne2
Rad8 30.Qe3 Ng4 31.Qf4 Nde5 32.Ng3 Qh4 33.Rcd1 h5 34.Kg1 Nd3 35.Qf3 Nde5
36.Qf4 Nd3 37.Qf3 Nde5 {#d} 1/2-1/2

[Event "It (cat.7)"]
[Site "masterchessopen.com Valjevo (Yugoslavia)"]
[Round "0"]
[White "Cvitan Ognjen (CRO)"]
[Black "Campos Moreno Javier B (CHI)"]
[Result "0-1"]
[WhiteElo "2480"]
[BlackElo "2415"]

1.d4 Nf6 2.c4 e6 3.Nc3 Bb4 4.e3 O-O 5.Bd3 d5 6.a3 dxc4 7.Bxc4 Be7 8.Nf3 c5
9.O-O Nbd7 10.Qe2 a6 11.Rd1 b5 12.Ba2 Qb6 13.dxc5 Qxc5 14.e4 Bb7 15.Bf4 Rfd8
16.Rac1 Qh5 17.h3 Nc5 18.Bb1 Nb3 19.Rxd8+ Bxd8 20.Rd1 Bb6 21.Bc2 Na5 22.Rd3
Nc4 23.b4 h6 24.Bd1 g5 25.Bg3 Qg6 26.Ne5 Nxe5 27.Bxe5 Nxe4 28.Bc2 Qf5 29.Nxe4
Bxe4 30.Rd6 Bxf2+ 31.Qxf2 Qxf2+ 32.Kxf2 Bxc2 33.Ke3 Kh7 34.g4 Kg6 35.Kd4 a5
36.Kc5 axb4 37.axb4 Ra3 38.Rd8 f6 39.Bd4 e5 40.Bf2 Rf3 41.Be1 Re3 {#R} 0-1

[Event "It (open)"]
[Site "masterchessopen.com Amsterdam (Netherlands)"]
[Round "4"]
[White "Enklaar Bertus F (NED)"]
[Black "Farago Ivan (HUN)"]
[Result "0-1"]
[WhiteElo "2395"]
[BlackElo "2510"]

1.d4 Nf6 2.c4 e6 3.Nc3 Bb4 4.e3 O-O 5.Bd3 d5 6.a3 dxc4 7.Bxc4 Bd6 8.Nf3 Nc6
9.b4 e5 10.Bb2 Bg4 11.dxe5 Bxe5 12.Be2 Qe7 13.Nxe5 Nxe5 14.Nd5 Nxd5 15.Qxd5
Bxe2 16.Kxe2 Ng6 17.g3 Rad8 18.Qc4 b5 19.Qc3 f6 20.a4 Ne5 21.Qb3+ Nc4 22.Rhd1
a6 23.axb5 axb5 24.Kf1 Kh8 25.Bd4 Qe4 26.Kg1 h5 27.Qd3 Qg4 28.Qf1 Rf7 29.f3
Qe6 30.Rd3 Rfd7 31.Rad1 Kg8 32.Kg2 Qc6 33.Qe2 Qe6 34.h4 Ra8 35.Kh2 Rd6 36.Bc3
Ra3 37.e4 Rda6 38.Rc1 Ra2 39.Rc2 Nd6 40.Rd5 Rxc2 41.Qxc2 c6 42.Rd2 Ra3 43.Qd3
Nf7 44.Kg2 Qb3 45.Rc2 Ne5 46.Qe2 Nc4 47.Kf2 Qb1 48.f4 Qh1 49.e5 Qh2+ 50.Kf3
Qh1+ 51.Kf2 fxe5 52.fxe5 Ra8 53.Bd2 Qh2+ 54.Kf3 Qh1+ 55.Kf2 Ra1 56.Rxc4 Qh2+
57.Kf3 Qxe2+ 58.Kxe2 bxc4 {#R} 0-1